Social Security Provisions in the American Recovery and Reinvestment Act of 2009 : Supplemental Appropriations, Economic Recovery Payments, and Tax Credits for Certain Government Retirees.

Reviews social security provisions in P.L. 111-5, the American Recovery and Reinvestment Act (ARRA) of 2009. Includes proposed supplemental appropriations to the SSA for administrative functions, one-time payments to supplemental security income recipients and social security beneficiaries, and spec...

Full description

Bibliographic Details
Corporate Authors: Library of Congress. Congressional Research Service, ProQuest (Firm)
Format: eBook
Language:English
Published: [Place of publication not identified] : [publisher not identified], 2009.
Series:U.S. Congressional Research.
Subjects:
Online Access:Connect to the full text of this electronic book

MARC

Tag First Indicator Second Indicator Subfields
LEADER 00000cam a22000001a 4500
001 in00003405708
006 m d f
007 cr bn mmmapmmp
008 101223s2009 dcu o f000 0 eng d
005 20260501141746.8
035 |a cis2007869338 
040 |a ProQuest  |c ProQuest  |d UtOrBLW 
043 |a n-us--- 
099 |a CRS-2009-DSP-0681 
110 2 |a Library of Congress.  |b Congressional Research Service. 
245 1 0 |a Social Security Provisions in the American Recovery and Reinvestment Act of 2009 :  |b Supplemental Appropriations, Economic Recovery Payments, and Tax Credits for Certain Government Retirees. 
264 1 |a [Place of publication not identified] :  |b [publisher not identified],  |c 2009. 
300 |a 1 online resource. 
336 |a text  |b txt  |2 rdacontent 
337 |a computer  |b c  |2 rdamedia 
338 |a online resource  |b cr  |2 rdacarrier 
500 |a Record is based on bibliographic data in ProQuest U.S. Congressional Research Digital Collection (last viewed Dec. 2010). Reuse except for individual research requires license from ProQuest, LLC. 
500 |a CRS Report. 
520 |a Reviews social security provisions in P.L. 111-5, the American Recovery and Reinvestment Act (ARRA) of 2009. Includes proposed supplemental appropriations to the SSA for administrative functions, one-time payments to supplemental security income recipients and social security beneficiaries, and special tax credit for certain Government retirees. Covers legislation to extend ARRA economic recovery payment provisions. 
500 |a Electronic resource. 
650 0 |a Economic policy. 
650 0 |a Social security. 
650 0 |a Tax incentives. 
655 7 |a Electronic books.  |2 local 
710 2 |a ProQuest (Firm) 
776 0 8 |i Microfiche version:   |a Library of Congress. Congressional Research Service.  |t Social Security Provisions in the American Recovery and Reinvestment Act of 2009 
830 0 |a U.S. Congressional Research. 
856 4 0 |u http://proxy.library.tamu.edu/login?url=https://congressional.proquest.com/congcomp/getdoc?CRDC-ID=CRS-2009-DSP-0681  |z Connect to the full text of this electronic book  |t 0 
999 |a MARS 
999 f f |s c40c07aa-49f5-32c9-9eec-186e21fbf9ed  |i eae93af7-2063-3e66-9e1b-426fef18df40  |t 0 
952 f f |a Texas A&M University  |b College Station  |c Electronic Resources  |s www_evans  |d Available Online  |t 0  |e CRS-2009-DSP-0681  |h Other scheme 
998 f f |a CRS-2009-DSP-0681  |t 0  |l Available Online